00424 a2200133 4500020001800000050002100018100003300039245005300072250001200125264004700137300002200184500005000206650003400256 a9781485100805 aKTL3800 BUR 2013 a Burchell, Jonathan eauthor aPrinciples of criminal law /cJonathan Burchell a4th ed. a Lansdowne (South Africa) : bJuta,c2013 a lxxvii, 958 p. : aIncludes bibliographical references and index a Criminal law x South Africa